[Event "Foment Martinenc op-B 20th"]
[Site "Barcelona"]
[Date "2018.05.26"]
[Round "6"]
[White "De Lomas Busquets, Alex"]
[Black "Guerrero Baez, Indira"]
[Result "0-1"]
[WhiteElo "1193"]
[BlackElo "1128"]
[PlyCount "110"]
[EventDate "2018.04.21"]
[EventType "swiss"]
[EventRounds "9"]
[EventCountry "ESP"]
[SourceTitle "CBM 184 Extra"]
[Source "ChessBase"]
[SourceDate "2018.06.28"]
[SourceVersion "1"]
[SourceVersionDate "2018.06.28"]
[SourceQuality "1"]

1. d4 d5 2. Nf3 Nf6 3. e3 e6 4. Bd3 c5 5. b3 Nc6 6. Bb2 Bd6 7. 0-0 Qc7 8. Nbd2 0-0 9. a3 b6 10. Rc1 Bb7 11. c4 Rac8 12. dxc5 bxc5 13. Bxf6 gxf6 14. Qc2 f5 15. cxd5 Ne5 16. Nxe5 Bxe5 17. Nf3 Bxd5 18. Nxe5 Qxe5 19. Bc4 Be4 20. Qe2 Kh8 21. f3 Bb7 22. Rce1 Rg8 23. Ba6 Rb8 24. Bxb7 Rxb7 25. f4 Qd5 26. Qb2+ Rg7 27. Rd1 Rxb3 28. Rxd5 Rxb2 29. Rd8+ Rg8 30. Rxg8+ Kxg8 31. Rc1 Rb5 32. Kf2 Ra5 33. Kg3 Rxa3 34. Rxc5 Rxe3+ 35. Kh4 Ra3 36. Kg5 Kg7 37. g4 h6+ 38. Kh4 fxg4 39. Kxg4 Ra1 40. Kh5 Rd1 41. Re5 Rd5 42. h4 Rxe5+ 43. fxe5 a5 44. Kg4 a4 45. Kh5 a3 46. Kg4 a2 47. Kh5 a1Q 48. Kg4 Qxe5 49. Kh3 Qf4 50. Kg2 Kg6 51. Kh3 Qf3+ 52. Kh2 Kf5 53. Kg1 Kg4 54. h5 Qe2 55. Kh1 Kg3 0-1

[Event "Foment Martinenc op-B 20th"]
[Site "Barcelona"]
[Date "2018.05.12"]
[Round "4"]
[White "De Lomas Busquets, Alex"]
[Black "Gomez Rivera, Judit"]
[Result "1-0"]
[WhiteElo "1193"]
[BlackElo "1372"]
[PlyCount "89"]
[EventDate "2018.04.21"]
[EventType "swiss"]
[EventRounds "9"]
[EventCountry "ESP"]
[SourceTitle "CBM 184 Extra"]
[Source "ChessBase"]
[SourceDate "2018.06.28"]
[SourceVersion "1"]
[SourceVersionDate "2018.06.28"]
[SourceQuality "1"]

1. e4 e5 2. Nf3 Nc6 3. Bc4 g6 4. d3 h6 5. c3 Bg7 6. Nbd2 Nf6 7. Nf1 0-0 8. Ng3 d6 9. h3 Bd7 10. Bb3 Re8 11. Be3 Be6 12. Bc2 Qe7 13. Qd2 Bd7 14. Bxh6 Qf8 15. Bxg7 Kxg7 16. h4 Bg4 17. h5 Nxh5 18. Nxh5+ Bxh5 19. Qg5 Qe7 20. Rxh5 Qxg5 21. Rxg5 Rh8 22. 0-0-0 b5 23. Rg3 a5 24. Rh3 b4 25. Rxh8 Rxh8 26. cxb4 axb4 27. Bb3 Na5 28. d4 Nxb3+ 29. axb3 exd4 30. Nxd4 Re8 31. f3 Rd8 32. Nc6 Rh8 33. Nxb4 Rh2 34. Rd2 Rh5 35. Nd5 f5 36. exf5 Rxf5 37. Nxc7 Rc5+ 38. Rc2 Rxc2+ 39. Kxc2 Kf6 40. b4 Ke7 41. Kd3 Kd7 42. Nd5 Ke6 43. Nf4+ Kf5 44. b5 Kxf4 45. b6 1-0

[Event "Roncana op-B 9th"]
[Site "Santa Eulalia de Roncana"]
[Date "2015.11.07"]
[Round "5"]
[White "Lorenzo Martinez, Ruben"]
[Black "De Lomas Busquets, Alex"]
[Result "1-0"]
[WhiteElo "1855"]
[BlackElo "1788"]
[PlyCount "109"]
[EventDate "2015.10.03"]
[EventType "swiss"]
[EventRounds "8"]
[EventCountry "ESP"]
[SourceTitle "EXT 2017"]
[Source "ChessBase"]
[SourceDate "2016.10.25"]
[SourceVersion "1"]
[SourceVersionDate "2016.10.25"]
[SourceQuality "1"]

1. d4 d5 2. Nf3 Nf6 3. e3 e6 4. Bd3 Bd6 5. b3 0-0 6. Bb2 b6 7. Nbd2 c5 8. 0-0 Qc7 9. Ne5 Nc6 10. f4 cxd4 11. exd4 Nb4 12. Ndf3 Nxd3 13. Qxd3 a5 14. Qd1 Ba6 15. Re1 Ne4 16. Rc1 Bxe5 17. fxe5 b5 18. Re3 a4 19. Nd2 Nxd2 20. Qxd2 axb3 21. cxb3 Qe7 22. Rcc3 b4 23. Rc5 Rac8 24. Qxb4 Rxc5 25. Qxc5 Qxc5 26. dxc5 Rc8 27. Bd4 Kf8 28. Kf2 Ke7 29. a4 f6 30. b4 Rf8 31. Ke1 fxe5 32. Bxe5 Rf1+ 33. Kd2 Rf2+ 34. Kc3 Rxg2 35. Bd6+ Kd7 36. b5 Bb7 37. a5 Rg4 38. Rg3 d4+ 39. Kd2 Rxg3 40. hxg3 Kc8 41. c6 Ba8 42. Kd3 h5 43. Kxd4 g5 44. Ke5 h4 45. gxh4 gxh4 46. Kxe6 h3 47. Be5 h2 48. Bxh2 Bxc6 49. bxc6 Kd8 50. a6 Ke8 51. c7 Kf8 52. Kf6 Kg8 53. a7 Kh7 54. c8R Kh6 55. Rh8# 1-0

[Event "Roncana op-B 9th"]
[Site "Santa Eulalia de Roncana"]
[Date "2015.10.03"]
[Round "1"]
[White "Martinez Arranz, Nagore"]
[Black "De Lomas Busquets, Alex"]
[Result "0-1"]
[WhiteElo "1671"]
[BlackElo "1788"]
[PlyCount "48"]
[EventDate "2015.10.03"]
[EventType "swiss"]
[EventRounds "8"]
[EventCountry "ESP"]
[SourceTitle "EXT 2017"]
[Source "ChessBase"]
[SourceDate "2016.10.25"]
[SourceVersion "1"]
[SourceVersionDate "2016.10.25"]
[SourceQuality "1"]

1. e4 e5 2. Nf3 Nc6 3. d4 exd4 4. Nxd4 Bc5 5. Be3 Qf6 6. c3 Nge7 7. Bc4 0-0 8. 0-0 b6 9. Nd2 Nxd4 10. cxd4 Bxd4 11. Bxd4 Qxd4 12. b3 d5 13. exd5 Bb7 14. Nf3 Qf6 15. Qd3 Rad8 16. Rad1 a6 17. Bxa6 Bxa6 18. Qxa6 Nxd5 19. Qb7 Nf4 20. Qxc7 Rxd1 21. Rxd1 h6 22. Qc1 Ne2+ 23. Kh1 Nxc1 24. Rxc1 Qb2 0-1

[Event "Llinars del Valles op-B 9th"]
[Site "Llinars del Valles"]
[Date "2015.06.13"]
[Round "9"]
[White "De Lomas Busquets, Alex"]
[Black "Villodres Rubio, Adrian"]
[Result "1-0"]
[WhiteElo "1801"]
[BlackElo "1775"]
[PlyCount "89"]
[EventDate "2015.04.11"]
[EventType "swiss"]
[EventRounds "9"]
[EventCountry "ESP"]
[SourceTitle "EXT 2018"]
[Source "ChessBase"]
[SourceDate "2017.10.13"]
[SourceVersion "1"]
[SourceVersionDate "2017.10.13"]
[SourceQuality "1"]

1. e4 c5 2. Nf3 d6 3. d4 cxd4 4. Nxd4 Nf6 5. Nc3 a6 6. Be3 e5 7. Nf3 Bg4 8. Be2 Be7 9. 0-0 0-0 10. Qd2 Nc6 11. Rad1 b5 12. Rfe1 b4 13. Nd5 Nxe4 14. Nxe7+ Qxe7 15. Qd5 Nxf2 16. Kxf2 Rac8 17. Bd3 Bxf3 18. Qxf3 Qh4+ 19. Kg1 Rfe8 20. Qh3 Qxh3 21. gxh3 Re6 22. Bf5 Rg6+ 23. Bxg6 fxg6 24. Rxd6 a5 25. Rf1 Ne7 26. Bc5 Nf5 27. Bb6 Rxc2 28. Rd8+ Kf7 29. Rd7+ Kf6 30. Bd8+ Ke6 31. Rc7 Rxb2 32. Ra7 Ne3 33. Re7+ Kd6 34. Re1 Nc4 35. Rd1+ Kc6 36. Rc7+ Kb5 37. Rd5+ Ka4 38. Rxc4 Rxa2 39. Rxa5+ Kb3 40. Rxa2 Kxc4 41. Ra7 b3 42. Rc7+ Kb4 43. Be7+ Ka4 44. Rc4+ Kb5 45. Rb4+ 1-0